| 000 | 00538ntaaa2200205 4500 | ||
|---|---|---|---|
| 003 | 01 | ||
| 005 | 20251027200625.0 | ||
| 008 | 0714s1973 ag 01 | ||
| 040 |
_aAR-BaBN _bspa _cAR-BaBN _eaacr _dRIC |
||
| 082 | _a253 B15p | ||
| 100 |
_aBailey, Ambose Moody _92279 |
||
| 245 |
_aThe pastor in action / _cAmbose Moody Bailey, |
||
| 250 | _a1 ed. | ||
| 260 |
_aNew York : _bRound Table Press, _c1939 |
||
| 300 | _a180 p | ||
| 650 |
_aConsejo Pastoral _9270 |
||
| 650 | _aPsicologia Pastoral | ||
| 650 |
_aCiudado Pastoral _9272 |
||
| 942 | _cBK | ||
| 999 |
_c892 _d892 |
||